Impact of water quality from parts of Ndola on the strength properties of concrete (Record no. 84728)

MARC details
000 -LEADER
fixed length control field 00864 a2200253 4500
003 - CONTROL NUMBER IDENTIFIER
control field CBULib
005 - DATE AND TIME OF LATEST TRANSACTION
control field 20240130145432.0
008 - FIXED-LENGTH DATA ELEMENTS--GENERAL INFORMATION
fixed length control field 240129b |||||||| |||| 00| 0 eng d
040 ## - CATALOGING SOURCE
Original cataloging agency CBULib
Language of cataloging English
Transcribing agency CBULib
Description conventions rda
041 ## - LANGUAGE CODE
Language code of text/sound track or separate title eng
050 ## - LIBRARY OF CONGRESS CALL NUMBER
Classification number CBU-PG THESIS/CHI
100 ## - MAIN ENTRY--PERSONAL NAME
Personal name Chiwanza, Hellen Nambela
9 (RLIN) 2402
245 ## - TITLE STATEMENT
Title Impact of water quality from parts of Ndola on the strength properties of concrete
Statement of responsibility, etc / by Hellen Nambela Chiwanza
260 ## - PUBLICATION, DISTRIBUTION, ETC. (IMPRINT)
Name of publisher, distributor, etc Copperbelt University,
Date of publication, distribution, etc 2023.
Place of publication, distribution, etc Kitwe :
300 ## - PHYSICAL DESCRIPTION
Extent ix, 49 pages : illustrations
336 ## - CONTENT TYPE
Source rdacontent
Content type term Text |
Content type code txt
337 ## - MEDIA TYPE
Source rdamedia
Media type term Unmediated |
Media type code n
338 ## - CARRIER TYPE
Source rdacarrier
Carrier type term Volume
Carrier type code nc
500 ## - GENERAL NOTE
General note includes bibliographical references and appendices
650 #0 - SUBJECT ADDED ENTRY--TOPICAL TERM
9 (RLIN) 2403
Topical term or geographic name as entry element WATER QUALITY
650 #0 - SUBJECT ADDED ENTRY--TOPICAL TERM
9 (RLIN) 2404
Topical term or geographic name as entry element CONCRETE CONSTRUCTION
650 #0 - SUBJECT ADDED ENTRY--TOPICAL TERM
9 (RLIN) 2245
Topical term or geographic name as entry element NDOLA DISTRICT
942 ## - ADDED ENTRY ELEMENTS (KOHA)
Source of classification or shelving scheme
Koha item type UNIVERSITY COLLECTION
Holdings
Withdrawn status Lost status Source of classification or shelving scheme Damaged status Not for loan Collection code Permanent Location Current Location Shelving location Date acquired Source of acquisition Total Checkouts Full call number Barcode Date last seen Price effective from Koha item type
          Special Collections CBU-MAIN LIBRARY, KITWE. CBU-MAIN LIBRARY, KITWE. Special Collections 01/30/2024 DEP-CBU   CBU-PG THESIS/CHI B84728 01/30/2024 01/30/2024 UNIVERSITY COLLECTION